Представление документа в формате RUSMARC

ПолеНазваниеЗначение
  Тип записи a
  Библиографический уровень m
001 Контрольный номер 768a281916f0482c9e9eda803679d8fb
005 Дата корректировки 20140617102428.3
010 Индекс ISBN __
a ISBN 5-98534-118-6
200 Заглавие и сведения об ответственности 1_
a Заглавие Энциклопедия банковского маркетинга
f Первые сведения об ответственности Д. Н. Владиславлев
210 Выходные данные 1_
a Место издания М.
c Издательство Ось-89
d Дата издания 2005
215 Физическое описание __
a Объем 253 с.
610 Ключевые слова 0_
a Ключевые слова энциклопедия
610 Ключевые слова 0_
a Ключевые слова банки
610 Ключевые слова 0_
a Ключевые слова банковский маркетинг
610 Ключевые слова 0_
a Ключевые слова банковский PR
610 Ключевые слова 0_
a Ключевые слова PR
686 Индексы других классификаций __
a Классификационный индекс 65.9(2)26-21
2 Код системы rubbk
700 Автор _1
a Фамилия Владиславлев
b Имя Д. Н.
g Полное личное имя Денис Николаевич
801 Источник записи _0
a Страна RU
b Организация РУК
c Дата составления 20050908
g Правила каталогизации PSBO
801 Источник записи _1
a Страна RU
b Организация РУК
c Дата составления 20050908
g Правила каталогизации PSBO
852 Данные о местонахождении __
i Авторский знак В 57
j Шифр хранения ББК 65.9(2)26
901 Тип документа __
t Тип документа m
938 Служебная информация __
a Название организации Головной вуз
b Имя БД BOOK
c Название АИБС АИБС ИРБИС